| 000 | 00430nam a2200157Ia 4500 | ||
|---|---|---|---|
| 008 | 210716s2004 xx 000 0 und d | ||
| 020 | _a8178813815 | ||
| 041 | _aeng | ||
| 082 | _a174.4 CHAV | ||
| 100 | _aChary, V R K. | ||
| 245 |
_aEthics in accounting: global cases and experiences. _bGlobal cases and experiences. |
||
| 250 | _a1 | ||
| 260 |
_aHyderabad _bICFAI University Press _c2004 |
||
| 300 | _av,282 | ||
| 650 | _aNone | ||
| 999 |
_c202338 _d202338 |
||